Metaphysics, X-XIV; Oeconomica; Magna Moralia
Αποθηκεύτηκε σε:
| Κύριος συγγραφέας: | |
|---|---|
| Άλλοι συγγραφείς: | , |
| Μορφή: | Βιβλίο |
| Γλώσσα: | English Ancient Greek |
| Δημοσίευση: |
Cambridge :
Harvard University Press,
1990
|
| Σειρά: | Loeb classical library ;
; 287 |
| Θέματα: | |
| Ετικέτες: |
Προσθήκη ετικέτας
Δεν υπάρχουν, Καταχωρήστε ετικέτα πρώτοι!
|
MARC
| LEADER | 00000nam a2200000 i 4500 | ||
|---|---|---|---|
| 001 | 1/13347 | ||
| 008 | 980303s1990 eng d | ||
| 020 | |a 0-674-99317-9 | ||
| 035 | |1 ΠΑΡ |a 1997 |l 10019007 | ||
| 040 | |a GR-MY-UA |b gre |e aacr | ||
| 041 | 0 | |a eng |a grc | |
| 082 | 0 | |a 180.938 | |
| 100 | 1 | |a Αριστοτέλης, |d 384-322. | |
| 245 | 1 | 0 | |a Metaphysics, X-XIV; Oeconomica; Magna Moralia / |c Aristotle ; translated by Hugh Tredennick, G. Cyril Armstrong |
| 260 | |a Cambridge : |b Harvard University Press, |c 1990 | ||
| 300 | |a 688 p. | ||
| 490 | 1 | |a Loeb classical library |v ; 287 | |
| 504 | |a Includes index | ||
| 600 | 1 | 0 | |a Αριστοτέλης, |d 384-322. |
| 650 | 0 | 0 | |a Philosophy, Ancient. |
| 700 | 1 | |a Tredennick, Hugh. |4 trl | |
| 700 | 1 | |a Armstrong, G. Cyril |q (George Cyril), |d b. 1875. |4 trl | |
| 774 | 1 | |t Aristotle in twenty-three volumes | |
| 830 | 0 | |a Loeb classical library ; |v ; 287 | |
| 852 | |a INST |b LESVOS |e 19980303 |h 180.938 ΑΡΙ |p 005100014946 |q 005100014946 |t BK |y 0 |z τ.XVIII | ||
| 852 | |a INST |b LESVOS |e 19980303 |h 180.938 ΑΡΙ |p 005100014946 |q 005100014946 |t BK |v τ.XVIII: |y 0 |z τ.XVIII | ||
| 853 | |a INST |b LESVOS |h 180.938 ΑΡΙ | ||
| 909 | |a Λ |b 032982 | ||